[Event "Challenge"]
[Site "http://www.queenalice.com/game.php?id=1139061"]
[Date "2013.1.10"]
[Round "-"]
[White "silvestre"]
[Black "rodrigochess"]
[Result "1-0"]
[WhiteElo "1604"]
[BlackElo "1363"]

1. e4 e5 2. Nf3 Nc6 3. Bc4 Nf6 4. Nc3 d6 5. O-O Be7 6. b3 Bd7 7. Bb2 O-O 8. d4
exd4 9. Nxd4 Nxd4 10. Qxd4 c5 11. Qe3 a6 12. Nd5 b5 13. Bd3 Ng4 14. Qe2 c4 15.
bxc4 bxc4 16. Bxc4 Ne5 17. Bb3 Bb5 18. c4 Bc6 19. Nf4 h6 20. Bc2 a5 21. Qh5 Nxc4
22. Bc3 Bg5 23. Nh3 Na3 24. Bd3 Qe8 25. Nxg5 f6 26. Qxe8 Bxe8 27. Bc4+ Nxc4 28.
Ne6 Rf7 29. Nf4 a4 30. Bb4 Rb8 31. Rab1 Bc6 32. Rfc1 Bxe4 33. Rb2 Nxb2 34. a3
Nd3 35. Nxd3 Bxd3 36. Bxd6 Rb5 37. h3 Rd7 38. Bb4 Rd4 39. Rd1 f5 40. Kh2 Rbxb4
41. axb4 Rxb4 42. Rxd3 a3 43. Rxa3 Rb2 44. f3 h5 45. Ra5 g6 46. Kg3 Kh7 47. Kh4
Rb4+ 48. Kg5 Rb2 49. g3 Rf2 50. f4 Rg2 51. Ra7+ Kg8 52. Kh4 Kh8 53. Rf7 Kg8 54.
Rf6 Kg7 55. Re6 Kh6 56. Re8 Kg7 57. Re3 Kh6 58. Re8 Kg7 59. Re7+ Kh6 60. Rf7 Ra2
61. g4 fxg4 62. hxg4 Rh2+ 63. Kg3 Rh1 64. g5# 1-0

[Event "Challenge"]
[Site "http://www.queenalice.com/game.php?id=1139062"]
[Date "2013.1.10"]
[Round "-"]
[White "rodrigochess"]
[Black "silvestre"]
[Result "1-0"]
[WhiteElo "1419"]
[BlackElo "1616"]

1. e4 c5 2. Nf3 e6 3. Nc3 d5 4. exd5 exd5 5. d4 Nf6 6. Be2 Be7 7. Bd2 Nc6 8. O-O
O-O 9. h3 cxd4 10. Nb5 Bc5 11. c3 dxc3 12. Nxc3 Be6 13. a3 Qb6 14. Qc1 Rad8 15.
Bh6 gxh6 16. Qxh6 Bf5 17. Ng5 Be7 18. Bg4 Nxg4 19. hxg4 Bg6 20. Rab1 Qd4 21. Ne2
Qxg4 22. Nxh7 Bxh7 23. Qd2 Bxb1 24. Rxb1 Bg5 25. Qe1 Bf6 26. b4 Kg7 27. b5 Ne5
28. b6 a6 29. Kf1 Rh8 30. f3 Qh5 31. Nd4 Qh1+ 32. Kf2 Bh4+ 33. g3 Qh2+ 34. Ke3
Qxg3 35. Nf5+ Kg6 36. Nxg3 Rde8 37. Qg1 Nc4+ 38. Kd3 Re3+ 39. Kd4 Re5 40. Kc5
Be7+ 41. Kd4 Bf6 42. Nf1+ Kh7 43. f4 Re1+ 44. Kxd5 Rxb1 45. Kxc4 Rc8+ 46. Kd5
Rb5+ 47. Kd6 Rd8+ 48. Kc7 Bd4 49. Qh2+ Kg8 50. Qg3+ Kf8 51. Kxd8 Bf6+ 52. Kd7
Rxb6 53. Qe3 Rc6 54. Qe8+ Kg7 55. Ne3 Re6 56. Qc8 Re7+ 57. Kd8 Rxe3+ 58. Kd7
Re7+ 59. Kd6 Re6+ 60. Kd5 Rb6 61. Qg4+ Kh6 62. Qh3+ Kg7 63. Qg4+ Kf8 64. a4 Ke7
65. Qe2+ Kd7 66. a5 Rb5+ 67. Ke4 Rxa5 68. Qd2+ Ke6 69. Qxa5 Be7 70. Qd5+ Kf6 71.
Qxb7 Kg7 72. Qxe7 a5 73. Qa3 Kg6 74. Qxa5 f6 75. f5+ Kg5 76. Qd2+ Kh5 77. Kf4
Kh6 78. Qh2+ Kg7 79. Qg3+ Kf7 80. Qg6+ Ke7 81. Qg7+ Ke8 82. Qxf6 1-0

[Event "ROGERIO OLIVEIRA X SILVESTRE"]
[Site "http://www.queenalice.com/game.php?id=1139525"]
[Date "2013.1.11"]
[Round "-"]
[White "rogeriooliveira"]
[Black "silvestre"]
[Result "0-1"]
[WhiteElo "1314"]
[BlackElo "1592"]

1. e4 e5 2. d4 d6 3. d5 Nf6 4. Nc3 Be7 5. Bg5 O-O 6. Bxf6 Bxf6 7. Qd2 Bd7 8.
O-O-O Bg4 9. f3 Bh5 10. g4 Bg6 11. Bb5 Nd7 12. Bxd7 Qxd7 13. Nge2 h6 14. Rhg1
Bg5 15. f4 exf4 16. Nd4 f3 17. Nxf3 Bxd2+ 18. Rxd2 Rfe8 19. Re1 a5 20. a4 Qxg4
21. Nd4 Qc8 22. Rde2 Qd8 23. Nf5 Bh5 24. Rg2 Bg6 25. Reg1 Kh7 26. b3 Rg8 27. Ne2
b5 28. h4 Bxf5 29. exf5 Qf6 30. Nf4 Qxf5 31. Nh3 Qxh3 32. h5 Qxh5 33. axb5 a4
34. b4 a3 35. Kd2 a2 36. c4 a1=Q 37. Rxa1 Rxa1 38. Kc3 Qh3+ 39. Kb2 Qa3+ 40. Kc2
Re8 41. Kd2 Re3 42. c5 Qd3# 0-1

[Event "ROGERIO OLIVEIRA X SILVESTRE"]
[Site "http://www.queenalice.com/game.php?id=1139526"]
[Date "2013.1.11"]
[Round "-"]
[White "silvestre"]
[Black "rogeriooliveira"]
[Result "1-0"]
[WhiteElo "1612"]
[BlackElo "1309"]

1. e4 e5 2. Nf3 Nc6 3. Bc4 Nf6 4. Nc3 Bb4 5. Ng5 Bxc3 6. dxc3 h6 7. Nxf7 Rh7 8.
Nxd8 Kxd8 9. Be6 g6 10. O-O Na5 11. Bh3 d6 12. Qd3 Bxh3 13. Qxh3 Ke8 14. Qe6+
Kd8 15. Qxf6+ Ke8 16. Qxg6+ Kf8 17. Qxh7 h5 18. Bh6+ Ke8 19. Qg7 Nc6 20. Qf8+
Kd7 21. Qxa8 a6 22. Qf8 Ne7 23. Bg5 Kc6 24. Qxe7 b6 25. c4 b5 26. Rfd1 Kb6 27.
Qe6 bxc4 28. Qxc4 Ka7 29. Qxc7+ Ka8 30. Rxd6 a5 31. Ra6# 1-0

[Event "SILVESTRE X ROGERIOOLIVEIRA"]
[Site "http://www.queenalice.com/game.php?id=1139527"]
[Date "2013.1.11"]
[Round "-"]
[White "silvestre"]
[Black "rogeriooliveira"]
[Result "1-0"]
[WhiteElo "1605"]
[BlackElo "1403"]

1. e4 e5 2. Nf3 Nc6 3. Bc4 Nf6 4. Nc3 Bb4 5. d4 exd4 6. Nxd4 Bxc3+ 7. bxc3 O-O
8. f3 d6 9. O-O Bd7 10. Bg5 h6 11. Bf4 Qe8 12. Qd2 Rd8 13. Rfe1 Nxd4 14. cxd4
Nh5 15. Bxh6 gxh6 16. Qxh6 Ng7 17. Rf1 Ba4 18. Bd3 c5 19. e5 dxe5 20. Qh7# 1-0

[Event "SILVESTRE X ROGERIOOLIVEIRA"]
[Site "http://www.queenalice.com/game.php?id=1139528"]
[Date "2013.1.11"]
[Round "-"]
[White "rogeriooliveira"]
[Black "silvestre"]
[Result "0-1"]
[WhiteElo "1482"]
[BlackElo "1613"]

1. e4 c5 2. d4 e6 3. dxc5 Bxc5 4. Be3 Bxe3 5. fxe3 e5 6. Nf3 Nc6 7. Nc3 Nf6 8.
Bb5 O-O 9. Bxc6 dxc6 10. O-O Qc7 11. Qb1 Bg4 12. h3 Bh5 13. g4 Bg6 14. Kh1 Nxe4
15. Nxe4 Bxe4 16. Rd1 Bxf3+ 17. Kg1 Bxd1 18. Qxd1 e4 19. Qf1 Qg3+ 20. Qg2 Qxe3+
21. Kh2 Rad8 22. Qg1 Rd2+ 23. Kh1 Qf3+ 24. Qg2 Qxg2# 0-1

[Event "Let's Play Chess!"]
[Site "http://www.queenalice.com/game.php?id=1144803"]
[Date "2013.1.24"]
[Round "-"]
[White "Chessaroo"]
[Black "silvestre"]
[Result "0-1"]
[WhiteElo "1161"]
[BlackElo "1610"]

1. e4 c5 2. Nf3 e6 3. e5 d5 4. d4 Nc6 5. c4 b6 6. b3 g6 7. dxc5 bxc5 8. Nc3 d4
9. Ne2 Bg7 10. Bf4 Nge7 0-1

[Event "Challenge"]
[Site "http://www.queenalice.com/game.php?id=1234756"]
[Date "2013.11.23"]
[Round "-"]
[White "silvestre"]
[Black "nereu"]
[Result "0-1"]
[WhiteElo "1599"]
[BlackElo "1603"]

1. e4 c5 2. Nf3 Nc6 3. Nc3 e5 4. Bc4 Nf6 5. O-O Bd6 6. Ng5 O-O 7. d3 Nd4 8. Be3
b6 9. Bd5 Rb8 10. Qd2 Ba6 11. f4 Ng4 12. fxe5 Nxe5 0-1

[Event "Challenge"]
[Site "http://www.queenalice.com/game.php?id=1234757"]
[Date "2013.11.23"]
[Round "-"]
[White "silvestre"]
[Black "nereu"]
[Result "0-1"]
[WhiteElo "1583"]
[BlackElo "1619"]

1. d4 Nf6 2. c4 e6 3. Nf3 Bb4+ 4. Bd2 O-O 5. Bxb4 Re8 6. e3 d5 7. cxd5 Qxd5 8.
Nc3 Ne4 9. Nxe4 Qxe4 10. Bd3 Qg4 11. g3 Nc6 12. O-O e5 0-1

[Event "Challenge"]
[Site "http://www.queenalice.com/game.php?id=1250371"]
[Date "2014.1.22"]
[Round "-"]
[White "silvestre"]
[Black "Camy"]
[Result "1-0"]
[WhiteElo "1485"]
[BlackElo "1571"]

1. e4 e5 2. Nf3 Nf6 3. Nc3 Nc6 4. Bc4 Qe7 5. d4 exd4 6. Nxd4 d6 7. Qd3 Be6 8.
Bb3 Nb4 9. Qb5+ c6 10. Qxb4 c5 11. Qb5+ Nd7 12. Nxe6 fxe6 13. Qxb7 Qd8 14. Bxe6
a5 15. Nd5 Rb8 16. Nc7+ Ke7 17. Bg5+ Nf6 18. Qd5 Qxc7 19. Bf5 Ke8 20. Qe6+ Be7
21. O-O-O Qb6 22. b3 h6 23. Bxf6 gxf6 24. Rd2 Kf8 25. Rhd1 Rd8 26. Bg6 Rg8 27.
Qf7# 1-0

[Event "Challenge"]
[Site "http://www.queenalice.com/game.php?id=1255330"]
[Date "2014.2.10"]
[Round "-"]
[White "Camy"]
[Black "silvestre"]
[Result "0-1"]
[WhiteElo "1538"]
[BlackElo "1504"]

1. Nc3 e5 2. e4 Nf6 3. Nf3 Nc6 4. Bd3 Bc5 5. Bc4 Qe7 6. O-O h6 7. d3 a6 8. Bd5
Nxd5 9. exd5 Nd4 10. Be3 d6 11. Bxd4 Bxd4 12. Nxd4 exd4 13. Re1 Be6 14. dxe6
fxe6 15. Ne4 O-O 16. f3 c5 17. c4 dxc3 18. bxc3 b5 19. Qe2 Rf4 20. g3 Rf7 21.
Qe3 Raf8 22. f4 e5 23. Rf1 exf4 24. gxf4 d5 25. Ng3 Qxe3+ 26. Kh1 Rxf4 27. Kg2
Rf2+ 28. Kg1 Rxf1+ 29. Kg2 Qf3+ 30. Kh3 Rf6 31. Rxf1 Qxd3 32. Kg2 Rg6 33. Kg1
Qe3+ 34. Kh1 h5 35. Rf5 h4 36. Nh5 Qg1# 0-1

[Event "Challenge"]
[Site "http://www.queenalice.com/game.php?id=1272644"]
[Date "2014.4.13"]
[Round "-"]
[White "silvestre"]
[Black "Camy"]
[Result "1-0"]
[WhiteElo "1521"]
[BlackElo "1626"]

1. d4 d5 2. e3 e6 3. c4 Bb4+ 4. Bd2 Nc6 5. Be2 Nf6 6. Nf3 dxc4 7. Qc2 O-O 8.
Qxc4 a5 9. Bxb4 axb4 10. Nbd2 Bd7 11. O-O Qe7 12. Ne5 Nxe5 13. dxe5 b5 14. Qxc7
Rac8 15. Qb6 Nd5 16. Qd4 Qg5 17. Ne4 Qg6 18. Bd3 Ra8 19. Nc5 Bc6 20. Bxg6 fxg6
21. Nxe6 Rfe8 22. Qg4 Bd7 23. Qe4 Bxe6 24. Rac1 Rad8 25. Rc5 Rf8 26. Rd1 Ne7 27.
Ra1 Bf5 28. Qxb4 Bd3 29. Qb3+ Kh8 30. Qe6 Nc8 31. Rac1 Bf5 32. Qa6 Ne7 33. Qb7
Nd5 34. Qxb5 Be4 35. Qc4 Bf5 36. Rxd5 Be6 37. Rcd1 h5 38. Qc6 Rxd5 39. Rxd5 Bxd5
40. Qxd5 g5 41. a4 g4 42. a5 h4 43. a6 h3 44. gxh3 gxh3 45. b4 Rc8 46. Qd1 g6
47. b5 Kh7 48. b6 Kh6 49. Qf1 Rc6 50. Qxh3+ Kg7 51. Qd7+ Kh6 52. Qxc6 Kg5 53. a7
Kf5 54. a8=Q Kxe5 55. Qd5+ Kf6 56. f4 Kg7 57. Qag8+ Kh6 58. Qg5# 1-0

[Event "Challenge"]
[Site "http://www.queenalice.com/game.php?id=1300560"]
[Date "2014.8.10"]
[Round "-"]
[White "silvestre"]
[Black "Camy"]
[Result "1-0"]
[WhiteElo "1541"]
[BlackElo "1690"]

1. e4 Nc6 2. d4 Nf6 3. Nc3 d6 4. Nf3 Be6 5. Bd3 g6 6. Be3 Bg7 7. a3 O-O 8. h3
Re8 9. O-O b6 10. b4 a6 11. d5 Ne5 12. dxe6 fxe6 13. Nxe5 dxe5 14. Bg5 h6 15.
Bh4 g5 16. Bg3 Nh5 17. Qxh5 Kh7 18. Qg4 Qd6 19. Rad1 Qd4 20. Ne2 Qb2 21. Ra1 Kg6
22. Rfb1 h5 23. Qxe6+ Kh7 24. Rxb2 h4 25. Bxe5 Bxe5 26. Qxe5 Rg8 27. Qxe7+ Rg7
28. e5+ Kh8 29. Qf6 Kg8 30. Nd4 Rf8 31. Qe6+ Rgf7 32. Nf5 Kh7 33. Qh6+ Kg8 34.
Qxg5+ Rg7 35. Nh6+ Kh8 36. Qh5 c5 37. e6 Re8 38. Nf7+ Kg8 39. Qh8# 1-0

[Event "Challenge"]
[Site "http://www.queenalice.com/game.php?id=1307478"]
[Date "2014.9.11"]
[Round "-"]
[White "Rogerio11"]
[Black "silvestre"]
[Result "0-1"]
[WhiteElo "1307"]
[BlackElo "1563"]

1. e4 e5 2. Bc4 Nf6 3. Nf3 Nc6 4. d3 Bc5 5. O-O d6 6. Nc3 O-O 7. b3 Bg4 8. h3
Bh5 9. a3 Nd4 10. Nb5 Nxf3+ 11. gxf3 Qd7 12. b4 Qxh3 13. bxc5 Bxf3 14. Qxf3 Qxf3
15. Nxc7 Ng4 16. Nxa8 Qh3 17. cxd6 Qh2# 0-1